000
00229nam a2200097Ia 4500
008
240331s9999 xx 000 0 und d
082
_b
GRA
100
_a
Gray, J
245
0
_a
Liberalism :
_b
essays in political philosophy
942
_c
L
999
_c
2517
_d
2517